<?xml version="1.0" encoding="UTF-8"?>
<record
    xmlns:xsi="http://www.w3.org/2001/XMLSchema-instance"
    xsi:schemaLocation="http://www.loc.gov/MARC21/slim http://www.loc.gov/standards/marcxml/schema/MARC21slim.xsd"
    xmlns="http://www.loc.gov/MARC21/slim">

  <leader>01126nam a2200205Ia 4500</leader>
  <controlfield tag="003">OSt</controlfield>
  <controlfield tag="005">20210805134350.0</controlfield>
  <controlfield tag="008">210310s2005    wauad  gr     000 0 eng d</controlfield>
  <datafield tag="040" ind1=" " ind2=" ">
    <subfield code="a">CO-JMCR</subfield>
    <subfield code="c">CO-JMCR</subfield>
  </datafield>
  <datafield tag="041" ind1="0" ind2=" ">
    <subfield code="a">eng</subfield>
  </datafield>
  <datafield tag="082" ind1="0" ind2="4">
    <subfield code="a">332.153 /</subfield>
    <subfield code="b">W671r</subfield>
    <subfield code="2">23</subfield>
  </datafield>
  <datafield tag="110" ind1="2" ind2=" ">
    <subfield code="a">The World Bank </subfield>
    <subfield code="e">author</subfield>
    <subfield code="9">9685</subfield>
  </datafield>
  <datafield tag="245" ind1="1" ind2="0">
    <subfield code="a">Review of world bank conditionality</subfield>
    <subfield code="c">The World Bank</subfield>
  </datafield>
  <datafield tag="260" ind1=" " ind2=" ">
    <subfield code="a">Washington : </subfield>
    <subfield code="b">Teh World Bank, </subfield>
    <subfield code="c">2005.</subfield>
  </datafield>
  <datafield tag="300" ind1=" " ind2=" ">
    <subfield code="a">1-7 Volumes : </subfield>
    <subfield code="b">black and white illustrations and graphics ;</subfield>
    <subfield code="c">28 cm.</subfield>
  </datafield>
  <datafield tag="505" ind1=" " ind2=" ">
    <subfield code="g">v.1 / </subfield>
    <subfield code="t">Modalities of conditionality. -- </subfield>
    <subfield code="g">v.2 / </subfield>
    <subfield code="t">Legal aspects of conditionality in policy-based lending. -- </subfield>
    <subfield code="g">v.3 / </subfield>
    <subfield code="t">Recent trends and practices. -- </subfield>
    <subfield code="g">v.4 /</subfield>
    <subfield code="t">Content of conditionality in World Bank policy-based operations: public sector governance, privatization, user fees and trade. -- </subfield>
    <subfield code="g">v.5 /</subfield>
    <subfield code="t">The theory nd practice of conditionality: a literature review. -- </subfield>
    <subfield code="g">v.6 / </subfield>
    <subfield code="t">2005 conditionality survery: Executive sumary and detailed survery results. -- </subfield>
    <subfield code="g">v.7 /</subfield>
    <subfield code="t">Summary of external consultations.</subfield>
  </datafield>
  <datafield tag="650" ind1="1" ind2="4">
    <subfield code="a">Economic assistance</subfield>
    <subfield code="v">Evaluation</subfield>
    <subfield code="9">39108</subfield>
  </datafield>
  <datafield tag="650" ind1="2" ind2="4">
    <subfield code="a">World Bank</subfield>
    <subfield code="9">39109</subfield>
  </datafield>
  <datafield tag="942" ind1=" " ind2=" ">
    <subfield code="2">ddc</subfield>
    <subfield code="c">BK</subfield>
  </datafield>
  <datafield tag="999" ind1=" " ind2=" ">
    <subfield code="c">12122</subfield>
    <subfield code="d">12122</subfield>
  </datafield>
  <datafield tag="952" ind1=" " ind2=" ">
    <subfield code="0">0</subfield>
    <subfield code="1">0</subfield>
    <subfield code="2">ddc</subfield>
    <subfield code="4">0</subfield>
    <subfield code="7">0</subfield>
    <subfield code="a">CPL</subfield>
    <subfield code="b">CPL</subfield>
    <subfield code="c">GEN</subfield>
    <subfield code="d">2018-04-15</subfield>
    <subfield code="e">Donaci&#xF3;n</subfield>
    <subfield code="o">332.153 / W671r</subfield>
    <subfield code="p">430002422</subfield>
    <subfield code="r">2024-05-16 00:00:00</subfield>
    <subfield code="t">Ej.1</subfield>
    <subfield code="w">2021-03-10</subfield>
    <subfield code="y">BK</subfield>
  </datafield>
</record>
